000 01747nam a22001457a 4500
005 20260107144514.0
020 _a9781119820130
082 _a551.48
_bSCH.F
245 _aFundamentals of groundwater
_cF W Schwartz ; Hubao Zhang
250 _a2
260 _aHoboken, New Jersey
_bJohn Wiley & Sons, Inc.
_c 2024
504 _ahttps://search.worldcat.org/title/1415801326
520 _a"The long-awaited Second Edition of Introduction to Groundwater Hydrology presents the fundamentals of groundwater hydrology, as well as the knowledge and approaches needed to address contemporary problems in hydrogeology. The theme of the book is groundwater, broadly defined with a focus on fundamentals and problems necessary to deal with aquifer depletion and associated issues. It covers the theory and practice of groundwater from basic principles of physical and chemical hydrogeology to their application to traditional and emerging areas of practice. Thoroughly updated, the early chapters in this new edition, discuss the hydrologic cycle and associated near surface processes like infiltration, overland flow, and streamflow in the hydrologic cycle. Subsequent chapters cover theory of groundwater flow (e.g., concepts of hydraulic head, Darcy equation, etc.), ground water/surface water interactions, and unsaturated flow and fractured media. Techniques of water resources investigations and regional groundwater flow are also examined in detail. The latter part of the book focuses on problems associated with depletion of aquifers worldwide and tools and knowledge necessary for sustainable management. Concepts around non-point source contamination and geogenic contaminants are also treated in detail"-- Provided by publisher
942 _2ddc
_cBK
999 _c754876
_d754876